中国・四国の市 - Statistics

General Stats
  • This quiz has been taken 846 times
  • The average score is 73 of 92
Answer Stats
都道府県 人口 面積(km²) % Correct
鳥取県 鳥取市 188,465 765.31
100%
島根県 松江市 203,616 572.99
98%
島根県 出雲市 172,775 624.36
98%
岡山県 岡山市 724,691 789.95
98%
鳥取県 米子市 147,317 132.42
96%
岡山県 倉敷市 474,592 355.63
96%
広島県 広島市 1,200,754 906.69
96%
山口県 山口市 193,966 1023.23
96%
山口県 下関市 255,051 716.1
95%
徳島県 徳島市 252,391 191.52
95%
香川県 高松市 417,496 375.54
95%
愛媛県 松山市 511,192 429.35
95%
広島県 福山市 460,930 517.72
94%
高知県 高知市 326,545 309
94%
広島県 呉市 214,592 352.83
93%
愛媛県 今治市 151,672 419.21
93%
鳥取県 境港市 32,740 29.11
92%
鳥取県 倉吉市 46,485 272.06
91%
広島県 東広島市 196,608 635.16
91%
山口県 萩市 44,626 698.31
91%
山口県 岩国市 129,125 873.72
91%
徳島県 鳴門市 54,622 135.66
91%
愛媛県 四国中央市 82,754 421.24
91%
島根県 浜田市 54,592 690.68
89%
岡山県 津山市 99,937 506.33
89%
広島県 尾道市 131,170 285.11
89%
香川県 丸亀市 109,513 111.83
89%
愛媛県 宇和島市 70,809 468.15
88%
島根県 益田市 45,003 733.19
86%
山口県 宇部市 162,570 286.65
86%
広島県 三原市 90,573 471.51
85%
広島県 廿日市市 114,173 489.49
85%
山口県 周南市 137,540 656.29
85%
高知県 四万十市 32,694 632.29
85%
広島県 三次市 50,681 778.18
84%
山口県 長門市 32,519 357.31
84%
山口県 山陽小野田市 60,326 133.09
84%
香川県 坂出市 50,624 92.49
84%
香川県 東かがわ市 28,279 152.86
84%
愛媛県 新居浜市 115,938 234.47
83%
山口県 光市 49,798 92.13
82%
香川県 観音寺市 57,438 117.83
82%
愛媛県 西条市 104,791 510.04
82%
香川県 さぬき市 47,003 158.63
81%
高知県 南国市 46,664 125.3
81%
徳島県 阿南市 69,470 279.25
80%
愛媛県 伊予市 35,133 194.44
80%
高知県 土佐清水市 12,388 266.34
80%
岡山県 総社市 69,030 211.9
79%
岡山県 新見市 28,079 793.29
79%
高知県 室戸市 11,742 248.22
79%
広島県 安芸高田市 26,448 537.71
78%
徳島県 三好市 23,605 721.42
78%
高知県 土佐市 25,732 91.5
78%
島根県 安来市 37,062 420.93
77%
島根県 雲南市 36,007 553.18
77%
岡山県 高梁市 29,072 546.99
77%
島根県 大田市 32,846 435.34
76%
島根県 江津市 22,959 268.24
76%
香川県 善通寺市 31,631 39.93
76%
山口県 防府市 113,979 189.37
75%
山口県 美祢市 23,247 472.64
75%
高知県 宿毛市 19,033 286.2
74%
岡山県 備前市 32,320 258.14
73%
広島県 庄原市 33,633 1246.49
73%
愛媛県 八幡浜市 31,987 132.65
72%
岡山県 瀬戸内市 36,048 125.46
71%
岡山県 玉野市 56,531 103.58
69%
広島県 江田島市 21,930 100.72
69%
徳島県 吉野川市 38,772 144.14
69%
愛媛県 西予市 35,388 514.34
69%
高知県 安芸市 16,243 317.16
69%
岡山県 美作市 25,939 429.29
68%
広島県 竹原市 23,993 118.23
68%
徳島県 阿波市 34,713 191.11
68%
広島県 府中市 37,655 195.75
67%
広島県 大竹市 26,319 78.66
67%
徳島県 小松島市 36,149 45.37
66%
香川県 三豊市 61,857 222.7
66%
愛媛県 大洲市 40,575 432.12
66%
岡山県 笠岡市 46,088 136.24
65%
山口県 柳井市 30,799 140.05
65%
岡山県 赤磐市 42,661 209.36
64%
岡山県 真庭市 42,725 828.53
64%
愛媛県 東温市 33,903 211.3
64%
高知県 須崎市 20,590 135.35
64%
山口県 下松市 55,887 89.36
63%
高知県 香美市 26,513 537.86
61%
高知県 香南市 32,207 126.46
60%
岡山県 浅口市 32,772 66.46
58%
岡山県 井原市 38,384 243.54
55%
徳島県 美馬市 28,055 367.14
55%
No matching quizzes found
Score Distribution
Percent of People with Each Score
Percentile by Number Answered
Your Score History
You have not taken this quiz